Diary of a hedgehog : Biggs' final words on the markets
The last book from investment legend Barton Biggs * Offers investors and business readers of all levels of experience new insights into the current economic crisis * Presents news ideas for readers looking to make the most of their money in the face of ongoing market turbulence Insightful and creati...
Uloženo v:
| Hlavní autor: | |
|---|---|
| Médium: | Kniha |
| Jazyk: | Undetermined |
| Vydáno: |
Hoboken, N.J.
Wiley
2012
|
| Témata: | |
| Tagy: |
Přidat tag
Žádné tagy, Buďte první, kdo otaguje tento záznam!
|
| Thư viện lưu trữ: | Trung tâm Học liệu Trường Đại học Cần Thơ |
|---|
| LEADER | 01044nam a2200217Ia 4500 | ||
|---|---|---|---|
| 001 | CTU_206748 | ||
| 008 | 210402s9999 xx 000 0 und d | ||
| 020 | |c 20.91 | ||
| 082 | |a 332.64524 | ||
| 082 | |b B592 | ||
| 100 | |a Biggs, Barton | ||
| 245 | 0 | |a Diary of a hedgehog : | |
| 245 | 0 | |b Biggs' final words on the markets | |
| 245 | 0 | |c Barton Biggs | |
| 260 | |a Hoboken, N.J. | ||
| 260 | |b Wiley | ||
| 260 | |c 2012 | ||
| 520 | |a The last book from investment legend Barton Biggs * Offers investors and business readers of all levels of experience new insights into the current economic crisis * Presents news ideas for readers looking to make the most of their money in the face of ongoing market turbulence Insightful and creative, Diary of a Hedgehog: Biggs Final Words on the Markets is the ultimate resource for anyone who wants to understand what's up with the market, where it's headed, and how to respond. | ||
| 650 | |a Hedge funds,Quỹ đầu tư | ||
| 904 | |i Hải | ||
| 980 | |a Trung tâm Học liệu Trường Đại học Cần Thơ | ||